Journal of economic theory. (Record no. 15254)
[ view plain ]
| 000 -LEADER | |
|---|---|
| fixed length control field | 00555cas a2200205 4500 |
| 022 0# - INTERNATIONAL STANDARD SERIAL NUMBER | |
| ISSN | 0022-0531 |
| 040 ## - CATALOGING SOURCE | |
| Transcribing agency | MUL |
| 082 #4 - DEWEY DECIMAL CLASSIFICATION NUMBER | |
| Classification number | 330 ELS 1984 A075 Or. |
| 245 00 - TITLE STATEMENT | |
| Title | Journal of economic theory. |
| 260 ## - PUBLICATION, DISTRIBUTION, ETC. (IMPRINT) | |
| Place of publication | New York, |
| Name of publisher | Elsevier. |
| 300 ## - PHYSICAL DESCRIPTION | |
| Number of Pages | v. |
| Other physical details | ill., diagrs. |
| Dimensions | 23 cm. |
| 500 ## - GENERAL NOTE | |
| General note | Imprint varies: Academic Press, 1969-<2003> |
| 650 #0 - SUBJECT ADDED ENTRY--TOPICAL TERM | |
| Topical Term | Economics |
| 650 #0 - SUBJECT ADDED ENTRY--TOPICAL TERM | |
| Topical Term | Economics, Mathematical |
| 650 #6 - SUBJECT ADDED ENTRY--TOPICAL TERM | |
| Topical Term | Économie politique |
| 650 #6 - SUBJECT ADDED ENTRY--TOPICAL TERM | |
| Topical Term | Mathématiques économiques |
| 650 #7 - SUBJECT ADDED ENTRY--TOPICAL TERM | |
| Topical Term | Economics. |
| 650 #7 - SUBJECT ADDED ENTRY--TOPICAL TERM | |
| Topical Term | Economics, Mathematical. |
| 942 ## - ADDED ENTRY ELEMENTS (KOHA) | |
| Koha item type | សៀវភៅភាសាអង់គ្លេស |
| 952 ## - LOCATION AND ITEM INFORMATION (KOHA) | |
| Withdrawn status [LOCAL, KOHA] | 0 |
| Permanent Location | Date acquired | Koha item type | Lost status | Shelving location | Barcode | Current Location | Full call number |
|---|---|---|---|---|---|---|---|
| Library Block A | 2017-11-14 | សៀវភៅភាសាអង់គ្លេស | A075 | A06056 | Library Block A | 330 ELS 1984 A075 Or. |